Buy me! : (Record no. 2261)

MARC details
000 -LEADER
fixed length control field 00594nam a2200193 ar4500
001 - CONTROL NUMBER
control field 2263
005 - DATE AND TIME OF LATEST TRANSACTION
control field 20221127090412.0
008 - FIXED-LENGTH DATA ELEMENTS--GENERAL INFORMATION
fixed length control field 101019s xxua 00110|eng d
020 ## - INTERNATIONAL STANDARD BOOK NUMBER
International Standard Book Number 9780071667838(hpb) :
Terms of availability SR77.00
082 04 - DEWEY DECIMAL CLASSIFICATION NUMBER
Classification number 658.8342
Item number C66 2010
100 1# - MAIN ENTRY--PERSONAL NAME
Personal name Cohen, Marshal.
245 10 - TITLE STATEMENT
Title Buy me! :
Remainder of title new ways to get customers to choose your products ... /
Statement of responsibility, etc. M. Cohen.
260 ## - PUBLICATION, DISTRIBUTION, ETC.
Place of publication, distribution, etc. New York :
Name of publisher, distributor, etc. McGraw-Hill,
Date of publication, distribution, etc. 2010.
300 ## - PHYSICAL DESCRIPTION
Extent xi, 239 p. ;
Other physical details 23 cm.
500 ## - GENERAL NOTE
General note Includes index.
650 #4 - SUBJECT ADDED ENTRY--TOPICAL TERM
Topical term or geographic name entry element Customer services.
650 #4 - SUBJECT ADDED ENTRY--TOPICAL TERM
Topical term or geographic name entry element Customer relations
General subdivision Management.
650 #4 - SUBJECT ADDED ENTRY--TOPICAL TERM
Topical term or geographic name entry element Consumer behavior.
Holdings
Withdrawn status Lost status Source of classification or shelving scheme Damaged status Not for loan Home library Current library Date acquired Total Checkouts Full call number Barcode Date last seen Copy number Price effective from Koha item type
              11/27/2022   658.8342 C66 2010 1000000011049 11/27/2022 C1 11/27/2022 Book
              11/27/2022   658.8342 C66 2010 1000000011048 11/27/2022 C2 11/27/2022 Book